Match countries with definitions #4 Africa - Statistics

General Stats
  • This quiz has been taken 41 times
  • The average score is 9 of 14
Answer Stats
Hint Answer % Correct
Nation where safaris bring you close to the “Big Five,” Mandela’s story still inspires, and two oceans meet under the African sun. South Africa
84%
Country where pyramids defy the desert for millennia, the Nile is a lifeline, and pharaohs remain living legends. Egypt
81%
Island where nature reigns supreme with its baobabs, dancing lemurs, and breathtaking landscapes of forests and beaches. Madagascar
75%
Country where the Namib Desert dances with the Atlantic Ocean, red dunes stretch endlessly, and safaris reveal majestic elephants and oryxes. Namibia
75%
Paradise archipelago with pristine white beaches, century-old tortoises wandering peacefully, and where luxury meets nature. Seychelles
72%
Land where the Serengeti plains host the great migration, Kilimanjaro touches the clouds, and Zanzibar invites you to paradise. Tanzania
72%
Small archipelago off Africa’s coast, where volcanic beaches meet morna music, and simplicity is a true art of living. Cape Verde
69%
Country where Mediterranean beaches stretch endlessly, Carthage whispers ancient history, and spices flavor every dish. Tunisia
69%
Land of fragrant souks, hidden riads, and the Atlas Mountains, where mint tea is a sacred tradition. Morocco
66%
Country of high plateaus and rock-hewn churches, where coffee originates and traditions are as rich as the landscapes. Ethiopia
59%
Land where the White Nile and the Blue Nile meet, the pyramids of Meroe testify to a glorious past, and the desert stretches endlessly. Sudan
53%
Land of roaring Victoria Falls, where the Zambezi carves the landscapes, and wildlife invites wonder at every turn. Zambia
53%
Country of vast Saharan expanses, palm trees, and oases, where couscous is a national pride, and Roman and Berber history intertwine. Algeria
50%
Country of Teranga (hospitality), where griots sing history, and the sun sets majestically over the Atlantic Ocean. Senegal
47%
No matching quizzes found
Score Distribution
Percent of People with Each Score
Percentile by Number Answered
Your Score History
You have not taken this quiz